000 00368nam a2200157Ia 4500
008 180921t2015 xxu||||| |||| 00| 0 eng d
041 _aeng
080 _a902
_bSIL
100 _aSilva, Roland
245 _aBattles Lost And Won
260 _bICOMOS
_aColombo
_c2015
300 _b294p, 30cm
942 _cBK
999 _c5107
_d5107
003 LK-CoDNM
040 _aLK-CoDNM
_dLK-CoDNM
_eLK-CoDNM